000 01473 a2200241 4500
001 1954
005 20260407155422.0
008 260407a2009 arg spa d
003 AR-UNSa-BCEJYS
040 _aAR-UNSa-BCEJYS
_bspa
_cAR-UNSa-BCEJYS
080 _a657.23
_xCompensaciones. Correcciones. Ajustes (devaluación monetaria)
245 1 0 _aDevaluación monetaria y ajuste contable
_pvaloración financiera dinámica
020 _a978-987-01-0973-0
250 _a1a. ed.
264 1 _aBuenos Aires :
_bErrepar
_c2009
300 _axxiv, 215 p.
_c21 cm.
505 _a1. Unidad de criterio y medición homogénea - 2. El sistema contable y el marco conceptual para estados de información pública - 3. El modelo usado en estados financieros y su ajuste monetario - 4. Demostración de resultado y en especial del atribuido a la moneda - 5. Dificultades para atribuir efectos puros de la inflación - 6. Tasa de interés e inflación - 7. Costo financiero y devaluación de la moneda - 8. Interés incorporado al producto y riesgo de financiar - 9. El uso de los fondos y el resultado de inflación - 10. Los mecanismos financieros de regularización natural - 11. Funcionamiento del sistema propuesto
041 _aspa
942 _cBK
590 _aniveau_biblio:m niveau_hierar:0
100 1 _aArreghini, Hugo Ricardo
856 4 1 _uhttps://biblioeco.unsa.edu.ar/pmb/images/libros/Devaluacion Monetaria y Ajuste Contable2-l117934.jpg
_yImagen de portada
_qimage/jpeg
999 _c235
_d235